000 01300nam a22002897a 4500
005 20240530110410.0
008 150212s2011 ua o a 001 0 ara d
017 _a2010/10876
_bمصر . دار الكتب المصرية
020 _a977144297x
040 _aEG-CaGPL
041 1 _aara
_heng
082 0 4 _221
_a603
_bط/ن ن
100 1 _aاودين ، سكوت
245 1 0 _aالالغاز الطبية :
_bابحاث علمية حالات مرضية بعضها شديد الغرابة و البعض الاخر فتاك /
_cتاليف سكوت اودين ؛ استشارى اليزبيث براونيل ؛ ترجمة جلال محمد ؛ اشراف عام داليا محمد ابراهيم
250 _aط1
260 _aالقاهرة :
_bنهضة مصر للطباعة و النشر و التوزيع ،
_c2011
300 _a63 ص :
_bصور ؛
_c24 سم
490 _aناشيونال جيوجرافيك يبحث فى
650 0 4 _aالفسيولوجيا
650 0 4 _aالامراض
_xعلم
650 0 4 _aالهندسة الوراثية
700 1 _aبراونيل ، اليزبيث
_eاستشارى
700 1 _aجلال محمد
_eمترجم
700 1 _aداليا محمد ابراهيم
_eمشرف
942 _2ddc
_cBK
999 _c60432
_d60432